Normal view
MARC view
- الموارد الطبيعية- البلدان العربية- الجغرافيا- السكان- احوال اقتصادية
Entry Topical Term
001 - CONTROL NUMBER
- control field: 15325
003 - CONTROL NUMBER IDENTIFIER
- control field: JO-AjAnu
005 - DATE AND TIME OF LATEST TRANSACTION
- control field: 20230606072739.0
008 - FIXED-LENGTH DATA ELEMENTS
- fixed length control field: 230606|| aca||aabn | a|a d
040 ## - CATALOGING SOURCE
- Original cataloging agency: JO-AjAnu
- Transcribing agency: JO-AjAnu
150 ## - HEADING--TOPICAL TERM
- Topical term or geographic name entry element: الموارد الطبيعية- البلدان العربية- الجغرافيا- السكان- احوال اقتصادية
670 ## - SOURCE DATA FOUND
- Source citation: Work cat.: (JO-AjAnu)7868: تاليف الطيطي، صالح حسين، م.مشارك عفانه، عبدالله ابراهيم, author 15324, الوطن العربي: الأرض والسكان : علاقات، مشكلات وحلول